000 00872nam a2200181 i 4500
001 182432
003 ES-MaACL
005 20250805050016.0
008 130814s1991 sp |||| | spa d
100 1 _aRueda Muñoz de San Pedro, García.
_9153246
245 1 0 _aFrancisco María Tubino (1833-1888) y la revista de Bellas Artes (1866-1868) /
_cG. Rueda Muñoz de San Pedro.
260 _a[Madrid :
_bInstituto de Conservación y Restauración de Bienes Culturales,
_c1991]
300 _aP.59-63 ;
_c30 cm.
595 _aSeparata de la publicación: Historiografía de la arqueología y de la historia antigua en España (siglos XVIII-XX) .- Madrid : Instituto de Conservación y Restauración de Bienes Culturales, 1991.
600 1 4 _aTubino, Francisco María,
_d1833-1888
_9111620
852 _aES-MaACL
_j2324-F-16
_z.- Ejemplar fotocopiado
999 _c182432
_d182432